00638pam a2200157 a 4500020001500000020002100015041001300036082001500049100002000064245013100084260004200215300002400257500007900281500009500360650002500455 a0883445573 a0883445565(pbk.)1 aeng/ fre00a282.8bRIC1 aRichard, Pablo.10aDeath of christendoms, birth of the church : Historical Analysis and Theological Interpretation of the church in Latin America aMaryknoll, NY :bOrbis Books,cc1987. ax, 213 p. :bill. ; aTranslation of: Mort des chrétientés et naissance de l'Église. 1978. a"Incorporates alterations and updatings by the author in the Spanish version"--T.p. verso. 0aLiberation theology.